[Event "chess.com Junior Speed"]
[Site "chess.com INT"]
[Date "2019.05.21"]
[Round "1.15"]
[White "Firouzja, Alireza"]
[Black "Martinez Alcantara, Jose Eduardo"]
[Result "1-0"]
[WhiteTitle "GM"]
[BlackTitle "GM"]
[WhiteElo "2682"]
[BlackElo "2583"]
[WhiteFideId "12573981"]
[BlackFideId "3805662"]
[EventDate "2019.05.16"]

1. e4 c5 2. Nf3 d6 3. d4 cxd4 4. Nxd4 Nf6 5. Nc3 a6 6. Be3 e5 7. Nb3 Be6 8. f3
h5 9. Qd2 Nbd7 10. O-O-O b5 11. Nd5 Bxd5 12. exd5 Nb6 13. g3 Rc8 14. Bg5 Be7 15.
Kb1 Nfxd5 16. Bxe7 Qxe7 17. Bd3 Nf6 18. Rhe1 O-O 19. Nd4 g6 20. Qh6 Nh7 21. Nf5
Qf6 22. Nh4 Qg5 23. Qxg5 Nxg5 24. f4 exf4 25. gxf4 Nh3 26. Rf1 Nd5 27. Bf5 Nhxf4
28. Bxc8 Rxc8 29. Rfe1 Kg7 30. Nf3 f6 31. a3 g5 32. Nd4 Kg6 33. Ne6 h4 34. Nxf4+
Nxf4 35. Rxd6 a5 36. Rf1 Rc5 37. Rf2 a4 38. b3 Re5 39. bxa4 bxa4 40. Kb2 Nd5 41.
Ra6 Re4 42. Rd6 Nf4 43. Rd8 g4 44. Rg8+ Kf5 45. Rd2 Re5 46. Rd4 Rb5+ 47. Ka1 Ra5
48. Rb4 Rc5 49. Kb1 Ra5 50. Kb2 h3 51. Kb1 Re5 52. Rxa4 Re1+ 53. Kb2 Re2 54.
Ra5+ Ke6 55. Rxg4 Nd3+ 56. Kc3 Ne5 57. Rh4 Rxh2 58. Rb5 Rh1 59. Kb2 Kf5 60. Rb3
h2 61. Rbh3 Ng4 62. Rg3 Ne5 63. Rg2 Rf1 64. Rhxh2 Ng4 65. Rh5+ Kf4 66. Rb5 Ne3
67. Rb4+ Kf3 68. Rd2 f5 69. a4 f4 70. a5 Rh1 71. Rdd4 Ng2 72. a6 Rh6 73. a7 Ra6
74. Ra4 1-0

[Event "chess.com Junior Speed"]
[Site "chess.com INT"]
[Date "2019.05.21"]
[Round "1.16"]
[White "Martinez Alcantara, Jose Eduardo"]
[Black "Firouzja, Alireza"]
[Result "0-1"]
[WhiteTitle "GM"]
[BlackTitle "GM"]
[WhiteElo "2583"]
[BlackElo "2682"]
[WhiteFideId "3805662"]
[BlackFideId "12573981"]
[EventDate "2019.05.16"]

1. e4 e5 2. Nf3 Nc6 3. Bb5 a6 4. Ba4 Nf6 5. d3 d6 6. c3 g6 7. h3 Bg7 8. O-O O-O
9. Re1 b5 10. Bb3 Na5 11. Bc2 c5 12. Nbd2 Nc6 13. Nf1 h6 14. Ng3 Kh7 15. Be3 Bb7
16. Qd2 Rc8 17. d4 cxd4 18. cxd4 exd4 19. Nxd4 Qa5 20. Qxa5 Nxa5 21. Rad1 Rfe8
22. Bc1 d5 23. e5 Ne4 24. Nxe4 dxe4 25. Bxe4 Rxe5 26. Bxb7 Rxe1+ 27. Rxe1 Nxb7
28. Be3 Nd6 29. b3 Ne4 30. Nf3 Nc3 31. a3 Rd8 32. g4 Rd3 33. Kg2 Nd5 34. Bc5
Rxb3 35. Re8 Nf4+ 36. Kg3 Ne6 37. Be3 Rxa3 38. Ra8 b4 39. Ra7 b3 40. Rxf7 b2 41.
Rb7 Ra1 42. Nd2 g5 43. h4 a5 44. hxg5 hxg5 45. Kf3 a4 46. Ke4 a3 47. Kf5 a2 48.
Kxe6 b1=Q 49. Nxb1 axb1=Q 50. Rxb1 Rxb1 51. Bxg5 Rb6+ 52. Kf5 Rb5+ 53. Kf4 Bh6 0-1

[Event "chess.com Junior Speed"]
[Site "chess.com INT"]
[Date "2019.05.21"]
[Round "1.17"]
[White "Firouzja, Alireza"]
[Black "Martinez Alcantara, Jose Eduardo"]
[Result "1-0"]
[WhiteTitle "GM"]
[BlackTitle "GM"]
[WhiteElo "2682"]
[BlackElo "2583"]
[WhiteFideId "12573981"]
[BlackFideId "3805662"]
[EventDate "2019.05.16"]

1. e4 c5 2. Nf3 d6 3. d4 cxd4 4. Nxd4 Nf6 5. Nc3 a6 6. f3 e5 7. Nb3 Be6 8. Be3
h5 9. Qd2 Nbd7 10. Nd5 Bxd5 11. exd5 g6 12. O-O-O Bg7 13. Kb1 Qc7 14. Be2 O-O
15. g4 Rac8 16. g5 Ne8 17. c4 b6 18. Na1 Nc5 19. Nc2 a5 20. Na3 Qd7 21. Qc2 Nc7
22. h4 N7a6 23. Qd2 Rfe8 24. Bf1 Qf5+ 25. Nc2 Nb4 26. Bh3 Qxc2+ 27. Qxc2 Nxc2
28. Kxc2 Rc7 29. b3 Rb8 30. Kd2 Na6 31. Ke2 Nb4 32. Rd2 b5 33. Rc1 a4 34. c5
dxc5 35. Rxc5 Rxc5 36. Bxc5 Bf8 37. d6 Na6 38. Ba7 Rd8 39. d7 Bb4 40. Rc2 Ba5
41. bxa4 bxa4 42. Rc4 Bb4 43. Bb6 1-0

[Event "chess.com Junior Speed"]
[Site "chess.com INT"]
[Date "2019.05.21"]
[Round "1.18"]
[White "Martinez Alcantara, Jose Eduardo"]
[Black "Firouzja, Alireza"]
[Result "1/2-1/2"]
[WhiteTitle "GM"]
[BlackTitle "GM"]
[WhiteElo "2583"]
[BlackElo "2682"]
[WhiteFideId "3805662"]
[BlackFideId "12573981"]
[EventDate "2019.05.16"]

1. e4 e5 2. Nf3 Nc6 3. Bb5 a6 4. Ba4 Nf6 5. d3 d6 6. c3 g6 7. Nbd2 Bg7 8. Nf1
O-O 9. Ng3 b5 10. Bb3 Na5 11. Bc2 c5 12. O-O Nc6 13. a4 b4 14. Bb3 Rb8 15. Bg5
h6 16. Be3 Kh7 17. h3 Na5 18. Bc2 bxc3 19. bxc3 Bd7 1/2-1/2

[Event "chess.com Junior Speed"]
[Site "chess.com INT"]
[Date "2019.05.21"]
[Round "1.19"]
[White "Firouzja, Alireza"]
[Black "Martinez Alcantara, Jose Eduardo"]
[Result "1/2-1/2"]
[WhiteTitle "GM"]
[BlackTitle "GM"]
[WhiteElo "2682"]
[BlackElo "2583"]
[WhiteFideId "12573981"]
[BlackFideId "3805662"]
[EventDate "2019.05.16"]

1. e4 c5 2. Nf3 d6 3. d4 cxd4 4. Nxd4 Nf6 5. Nc3 a6 6. Bg5 Nbd7 7. Bc4 Qb6 8.
Bb3 e6 9. Qd2 Be7 10. O-O-O Nc5 11. f3 h6 12. Be3 Qc7 13. g4 b5 14. Kb1 Bd7 15.
a3 Rb8 16. h4 a5 17. g5 Nh5 18. g6 fxg6 19. Qg2 1/2-1/2

[Event "chess.com Junior Speed"]
[Site "chess.com INT"]
[Date "2019.05.21"]
[Round "1.20"]
[White "Martinez Alcantara, Jose Eduardo"]
[Black "Firouzja, Alireza"]
[Result "0-1"]
[WhiteTitle "GM"]
[BlackTitle "GM"]
[WhiteElo "2583"]
[BlackElo "2682"]
[WhiteFideId "3805662"]
[BlackFideId "12573981"]
[EventDate "2019.05.16"]

1. e4 e5 2. Nf3 Nc6 3. Bb5 a6 4. Ba4 Nf6 5. d3 d6 6. c3 g6 7. Nbd2 Bg7 8. Nf1 b5
9. Bb3 O-O 10. Ng3 Na5 11. Bc2 c5 12. O-O Nc6 13. h3 h6 14. Be3 Kh7 15. a3 Bb7
16. b4 Qe7 17. Qe2 Rac8 18. Rad1 Rfd8 19. Rfe1 Nb8 20. d4 Nbd7 21. d5 cxb4 22.
cxb4 Rc3 23. Rd3 Rdc8 24. Bb1 Qd8 25. Bd2 R3c4 26. Kh1 Nb6 27. Nh2 Na4 28. f4
exf4 29. Bxf4 Nxd5 30. exd5 Rxf4 31. Nh5 Rf5 32. Nxg7 Kxg7 33. Ng4 Qg5 34. Rg3
Rxd5 35. Qf2 Rd2 36. Qa7 Rc7 37. Qg1 h5 38. Rf1 hxg4 39. Qa7 Bxg2+ 0-1

[Event "chess.com Junior Speed"]
[Site "chess.com INT"]
[Date "2019.05.21"]
[Round "1.21"]
[White "Firouzja, Alireza"]
[Black "Martinez Alcantara, Jose Eduardo"]
[Result "1-0"]
[WhiteTitle "GM"]
[BlackTitle "GM"]
[WhiteElo "2682"]
[BlackElo "2583"]
[WhiteFideId "12573981"]
[BlackFideId "3805662"]
[EventDate "2019.05.16"]

1. e4 c5 2. Nf3 d6 3. d4 cxd4 4. Nxd4 a6 5. c4 e6 6. Nc3 Nf6 7. g3 Be7 8. Bg2
O-O 9. O-O Bd7 10. b3 Nc6 11. Bb2 Nxd4 12. Qxd4 Bc6 13. Rad1 Re8 14. Rfe1 Qc7
15. Rc1 Qd8 16. Qd2 Nd7 17. Ne2 Bf8 18. Nd4 Qc7 19. Rcd1 Rad8 20. f4 e5 21. Nf5
Nf6 22. Qc2 b5 23. Ne3 Qb6 24. Kh1 Qb7 25. Nd5 Bxd5 26. cxd5 Rc8 27. Qe2 exf4
28. Bxf6 gxf6 29. Qg4+ Kh8 30. gxf4 Rc2 31. Bh3 Qe7 32. Rd3 Bg7 33. Rg3 Rg8 34.
Qh5 h6 35. Bf5 Qa7 36. Reg1 Qb8 37. Rxg7 1-0

[Event "chess.com Junior Speed"]
[Site "chess.com INT"]
[Date "2019.05.21"]
[Round "1.22"]
[White "Martinez Alcantara, Jose Eduardo"]
[Black "Firouzja, Alireza"]
[Result "0-1"]
[WhiteTitle "GM"]
[BlackTitle "GM"]
[WhiteElo "2583"]
[BlackElo "2682"]
[WhiteFideId "3805662"]
[BlackFideId "12573981"]
[EventDate "2019.05.16"]

1. Nf3 Nf6 2. c4 g6 3. g3 Bg7 4. Bg2 O-O 5. O-O d5 6. cxd5 Nxd5 7. d4 Nb6 8. Nc3
Nc6 9. e3 Re8 10. Nh4 a5 11. f4 a4 12. Qe2 Bd7 13. f5 e6 14. fxg6 hxg6 15. Bd2
Rb8 16. Ne4 e5 17. Qf2 Be6 18. Nc5 Bc4 19. b3 Bxf1 20. Rxf1 Qe7 21. Nxb7 exd4
22. Bxc6 dxe3 23. Bxe3 Qxe3 24. Bxe8 Rxe8 25. Qxe3 Rxe3 26. bxa4 Nxa4 27. Nd8
Re7 28. Nc6 Rd7 29. Nf3 Nc3 30. Nfe5 Bxe5 31. Nxe5 Re7 32. Nc6 Re2 33. a3 Ra2
34. Nd8 f5 35. Ne6 c6 36. Nf4 Kf7 37. Nd3 Kf6 38. Nb4 Rxa3 39. Nxc6 Ra4 40. Re1
Ne4 41. Rd1 g5 42. Nd4 g4 43. Ne2 Ng5 44. Nf4 Nf3+ 45. Kf1 Nxh2+ 46. Ke2 Ra2+
47. Ke3 Ra3+ 48. Rd3 Ra2 49. Rd6+ Kf7 50. Rd7+ Ke8 51. Rd1 Kf7 52. Rd7+ Kf6 53.
Rd6+ Ke7 54. Rd1 Ra3+ 55. Rd3 Ra1 56. Nd5+ Kf7 57. Kf4 Rf1+ 58. Ke5 Nf3+ 59. Kd6
Ng5 60. Nf4 Re1 61. Kd5 Kf6 62. Kd4 Nf3+ 63. Kc4 Ne5+ 64. Kc3 Nxd3 65. Kd2 Re4
66. Nxd3 Kg5 67. Nf2 Re8 68. Kd3 f4 69. gxf4+ Kxf4 70. Nd1 g3 0-1

[Event "chess.com Junior Speed"]
[Site "chess.com INT"]
[Date "2019.05.21"]
[Round "1.23"]
[White "Firouzja, Alireza"]
[Black "Martinez Alcantara, Jose Eduardo"]
[Result "1/2-1/2"]
[WhiteTitle "GM"]
[BlackTitle "GM"]
[WhiteElo "2682"]
[BlackElo "2583"]
[WhiteFideId "12573981"]
[BlackFideId "3805662"]
[EventDate "2019.05.16"]

1. e4 c6 2. d4 d5 3. Nc3 dxe4 4. Nxe4 Bf5 5. Ng3 Bg6 6. h4 h6 7. Nf3 Nd7 8. h5
Bh7 9. Bd3 Bxd3 10. Qxd3 Ngf6 11. Bd2 e6 12. O-O-O Be7 13. Kb1 O-O 14. Nf1 Qb6
15. Ne3 Qa6 16. Qxa6 bxa6 17. Nc4 Rfc8 18. Nfe5 c5 19. Nxd7 Nxd7 20. dxc5 Bxc5
21. Bxh6 Bxf2 22. Rxd7 Rxc4 23. Bd2 Rg4 24. a3 Rxg2 25. h6 gxh6 26. Rxh6 e5 27.
Bc3 Re8 28. Rd5 Bg3 29. Rxa6 Re7 30. Bb4 Rb7 31. Rf6 Bf4 32. Bd6 Kg7 33. Rxf4
exf4 34. Bxf4 Kg6 35. b4 Rg4 36. Be3 f5 37. Rd6+ Kf7 38. Bd4 Ke7 39. Bc5 Kf7 40.
Bd4 Rg6 41. Rd5 Rg5 42. c4 Kg6 43. c5 f4 44. Rd6+ Kf5 45. Kc2 Ke4 46. Kc3 f3 47.
Re6+ Kf5 48. Rf6+ Ke4 49. Re6+ Kf4 50. Rf6+ Ke4 51. Re6+ Kf5 52. Rf6+ Ke4 1/2-1/2

[Event "chess.com Junior Speed"]
[Site "chess.com INT"]
[Date "2019.05.21"]
[Round "1.24"]
[White "Martinez Alcantara, Jose Eduardo"]
[Black "Firouzja, Alireza"]
[Result "0-1"]
[WhiteTitle "GM"]
[BlackTitle "GM"]
[WhiteElo "2583"]
[BlackElo "2682"]
[WhiteFideId "3805662"]
[BlackFideId "12573981"]
[EventDate "2019.05.16"]

1. e4 e5 2. Nf3 Nc6 3. Bc4 Nf6 4. d3 Bc5 5. c3 d6 6. h3 O-O 7. Nbd2 a5 8. a4 Ne7
9. O-O Ng6 10. d4 Bb6 11. Bb3 c6 12. Re1 Qe7 13. Nf1 h6 14. Ng3 Re8 15. Be3 Bc7
16. Qd2 Kh7 17. Rad1 Be6 18. Bc2 Rad8 19. Nf5 Qf8 20. Qc1 d5 21. dxe5 Nxe4 22.
N5d4 Bc8 23. Nd2 Nxd2 24. Qxd2 Bxe5 25. Nf5 Bxf5 26. Bxf5 Bc7 27. Qc2 Qd6 28. g3
Kg8 29. h4 Ne5 30. Kg2 Qf6 31. f4 Nc4 32. Bd4 Qd6 33. b3 c5 34. Bh7+ Kf8 35.
Bxg7+ Kxg7 36. Rxe8 Rxe8 37. bxc4 d4 38. Be4 Qe6 39. Bf3 Qxc4 40. Rd2 Qxc3 41.
Qxc3 dxc3 42. Rc2 Re3 43. Kf2 Rd3 44. Be2 Rd4 45. Rxc3 Rxa4 46. Bc4 Bd8 47. Rc2
Bf6 48. g4 Bxh4+ 49. Kf3 Ra3+ 50. Ke4 Bf6 51. Rd2 Ra4 52. Kd5 b5 53. Bxb5 Rd4+
54. Rxd4 cxd4 55. Kc4 Kf8 56. Bc6 Kg7 57. Be4 Kg8 58. Kb5 Bd8 59. Kc5 Bc7 60.
Kxd4 Bxf4 61. Kc4 Kg7 62. Kd3 Bc7 63. Ke2 Kf6 64. Bb7 Ke5 65. Bc8 Kd4 66. Kf3 a4 0-1

[Event "chess.com Junior Speed"]
[Site "chess.com INT"]
[Date "2019.05.21"]
[Round "1.25"]
[White "Firouzja, Alireza"]
[Black "Martinez Alcantara, Jose Eduardo"]
[Result "1/2-1/2"]
[WhiteTitle "GM"]
[BlackTitle "GM"]
[WhiteElo "2682"]
[BlackElo "2583"]
[WhiteFideId "12573981"]
[BlackFideId "3805662"]
[EventDate "2019.05.16"]

1. e4 e5 2. Nf3 Nc6 3. Bb5 a6 4. Ba4 Nf6 5. O-O Be7 6. Re1 b5 7. Bb3 d6 8. c3
O-O 9. h3 Bb7 10. d3 Na5 11. Bc2 c5 12. Nbd2 Re8 13. Nf1 Bf8 14. Bg5 h6 15. Bd2
Nc6 16. a3 g6 17. Qc1 Kh7 18. b4 Rc8 19. Ng3 Bg7 20. Qb2 Qd7 21. Be3 cxb4 22.
axb4 Nd8 23. Bb3 Ne6 24. Rad1 Qc7 25. Rc1 d5 26. Bd2 dxe4 27. dxe4 Qb8 28. c4
bxc4 29. Bxc4 Rcd8 30. Qa2 Rd6 31. Bc3 Nd7 32. Red1 Rc8 33. Rxd6 Qxd6 34. Qb3
Nb6 35. Bxe6 Qxe6 36. Qxe6 fxe6 37. Bd2 Rxc1+ 38. Bxc1 Nc4 39. Ne1 h5 40. f3 a5
41. bxa5 Nxa5 42. Nd3 Nc4 43. Nf1 Ba6 44. Nc5 Bc8 45. Ne3 Bf8 46. Nd3 Nxe3 47.
Bxe3 Bd6 48. Bc5 Bc7 49. Bb4 Ba6 50. Nc5 Bc4 51. Kh1 Kg7 52. Bc3 Kf7 53. Nd7 Ke7
54. Nxe5 Bxe5 55. Bxe5 Kf7 56. Kh2 Bb5 57. h4 Ba6 58. Kg3 Bb5 59. Kf4 Bf1 60.
Ke3 Bb5 61. g3 Ba6 62. Kf4 Bb5 63. g4 Be2 64. Ke3 Bd1 1/2-1/2

[Event "chess.com Junior Speed"]
[Site "chess.com INT"]
[Date "2019.06.03"]
[Round "1.1"]
[White "Sevian, Samuel"]
[Black "Nihal, Sarin"]
[Result "1-0"]
[WhiteTitle "GM"]
[BlackTitle "GM"]
[WhiteElo "2666"]
[BlackElo "2598"]
[WhiteFideId "2040506"]
[BlackFideId "25092340"]
[EventDate "2019.05.16"]

1. e4 c5 2. Nf3 Nc6 3. Nc3 e5 4. Bc4 Be7 5. d3 d6 6. Nd2 Nf6 7. Nf1 Bg4 8. f3
Be6 9. Ne3 O-O 10. O-O Nb4 11. a3 d5 12. Bb3 c4 13. dxc4 dxc4 14. Ba4 Na6 15.
Qe2 Rc8 16. Bb5 Qc7 17. Rd1 Nb8 18. Ncd5 Bxd5 19. exd5 Bc5 20. Kh1 Rfd8 21. Nxc4
a6 22. d6 Bxd6 23. Nxd6 Rxd6 24. Rxd6 Qxd6 25. Bd3 Nc6 26. c3 Rd8 27. Bc2 Qe6
28. Bg5 h6 29. Bh4 g5 30. Bf2 Kg7 31. Re1 Re8 32. Qd1 Rd8 33. Qb1 Ne7 34. Bg3
Nc6 35. Bf5 Qd6 36. Bc2 Nh5 37. Bf2 Nf4 38. Be3 Nd5 39. Bc1 Nf6 40. Bf5 Ne7 41.
Bc2 Nc6 42. Be3 Nd5 43. Bf2 Nf4 44. Rd1 Qf6 45. Rxd8 Qxd8 46. Be3 Qd5 47. Qe1
Ne6 48. Qd2 Qxd2 49. Bxd2 Kf6 50. Kg1 Nc5 51. b4 Nd7 52. Kf2 Nb6 53. Bb3 Ne7 54.
c4 Nf5 55. c5 Nd4 56. Ba2 Nd7 57. Bd5 Ke7 58. Bxb7 a5 59. c6 Nb6 60. bxa5 Nd5
61. a6 Nb5 62. Be3 Nxe3 63. Kxe3 Kd6 64. Ke4 Ke6 65. c7 f5+ 66. Kd3 Nxc7 67. a7 1-0

[Event "chess.com Junior Speed"]
[Site "chess.com INT"]
[Date "2019.06.03"]
[Round "1.2"]
[White "Nihal, Sarin"]
[Black "Sevian, Samuel"]
[Result "1-0"]
[WhiteTitle "GM"]
[BlackTitle "GM"]
[WhiteElo "2598"]
[BlackElo "2666"]
[WhiteFideId "25092340"]
[BlackFideId "2040506"]
[EventDate "2019.05.16"]

1. d4 Nf6 2. c4 e6 3. Nf3 d5 4. Nc3 c5 5. cxd5 Nxd5 6. e4 Nxc3 7. bxc3 cxd4 8.
cxd4 Bb4+ 9. Bd2 Bxd2+ 10. Qxd2 O-O 11. Bc4 b6 12. O-O Bb7 13. Rfe1 Nd7 14. a4
Rc8 15. Bd3 a5 16. h3 h6 17. Bb5 Nf6 18. Qf4 Qc7 19. Qh4 Rfd8 20. Rad1 Qc2 21.
d5 exd5 22. e5 Ne4 23. Nd4 Qb2 24. e6 g5 25. Qxh6 Qxf2+ 26. Kh1 Qf6 27. Qxf6
Nxf6 28. e7 Re8 29. Bxe8 Nxe8 30. Rb1 Rc4 31. Rxb6 Rxd4 32. Rxb7 f6 33. Ra1 Kf7
34. Ra7 Nd6 35. Re1 Re4 36. Rxe4 dxe4 37. Kg1 Nc4 38. g3 Ne5 39. Kf2 Nc4 40. h4
gxh4 41. gxh4 f5 42. h5 f4 43. h6 e3+ 44. Ke2 1-0

[Event "chess.com Junior Speed"]
[Site "chess.com INT"]
[Date "2019.06.03"]
[Round "1.3"]
[White "Sevian, Samuel"]
[Black "Nihal, Sarin"]
[Result "1-0"]
[WhiteTitle "GM"]
[BlackTitle "GM"]
[WhiteElo "2666"]
[BlackElo "2598"]
[WhiteFideId "2040506"]
[BlackFideId "25092340"]
[EventDate "2019.05.16"]

1. e4 c5 2. Nf3 Nc6 3. d4 cxd4 4. Nxd4 Nf6 5. Nc3 e5 6. Ndb5 d6 7. Bg5 a6 8. Na3
b5 9. Nd5 Be7 10. Bxf6 Bxf6 11. c4 b4 12. Nc2 a5 13. g3 O-O 14. Bg2 Bg5 15. O-O
Be6 16. Qd3 Bxd5 17. cxd5 Nb8 18. a3 Na6 19. axb4 Nxb4 20. Nxb4 axb4 21. h4 Bh6
22. Qc4 b3 23. Qxb3 Rb8 24. Qc2 Qb6 25. Rfb1 Rfc8 26. Qe2 Qb4 27. Ra6 Rb6 28.
Rxb6 Qxb6 29. b4 g6 30. Qd3 Kg7 31. Bh3 Rc7 32. Bf1 Bc1 33. Rb3 h5 34. Qa6 Rb7
35. Qxb6 Rxb6 36. b5 Kf6 37. Bh3 Bd2 38. Bd7 Ke7 39. Bc6 Ba5 40. Ra3 Bb4 41.
Ra7+ Kf8 42. Ra8+ Ke7 43. Kg2 Bc5 44. f3 Kf6 45. g4 Kg7 46. Kf1 Kf6 47. Ke2 Ke7
48. g5 Bd4 49. Re8# 1-0

[Event "chess.com Junior Speed"]
[Site "chess.com INT"]
[Date "2019.06.03"]
[Round "1.4"]
[White "Nihal, Sarin"]
[Black "Sevian, Samuel"]
[Result "1-0"]
[WhiteTitle "GM"]
[BlackTitle "GM"]
[WhiteElo "2598"]
[BlackElo "2666"]
[WhiteFideId "25092340"]
[BlackFideId "2040506"]
[EventDate "2019.05.16"]

1. d4 Nf6 2. Bf4 g6 3. Nc3 Bg7 4. e4 d6 5. Qd2 O-O 6. O-O-O c6 7. f3 b5 8. Kb1
a5 9. Bh6 a4 10. e5 dxe5 11. Bxg7 Kxg7 12. dxe5 Nfd7 13. h4 h5 14. e6 fxe6 15.
Nh3 Qc7 16. g4 b4 17. Ne4 b3 18. gxh5 Qe5 19. Rg1 bxa2+ 20. Kxa2 a3 21. Rxg6+
Kf7 22. bxa3 Ke8 23. Nhg5 Na6 24. Rxe6 Qd5+ 25. Qxd5 cxd5 26. Nd6+ Kd8 27. Nxc8
Nac5 28. Nb6 Nxb6 29. Rxb6 Na4 30. Ne6+ Kc8 31. Rc6+ Kd7 32. Bb5 Rfb8 33. Rxd5+
Ke8 34. Rc8+ Kf7 35. Rxb8 Nc3+ 36. Kb3 Rxb8 37. Kxc3 Kxe6 38. Rc5 Kf6 39. Rg5 e6
40. Bd3 Rc8+ 41. Kd2 Ra8 42. h6 Ra4 43. h7 Rxh4 44. Rg8 1-0

[Event "chess.com Junior Speed"]
[Site "chess.com INT"]
[Date "2019.06.03"]
[Round "1.5"]
[White "Sevian, Samuel"]
[Black "Nihal, Sarin"]
[Result "1-0"]
[WhiteTitle "GM"]
[BlackTitle "GM"]
[WhiteElo "2666"]
[BlackElo "2598"]
[WhiteFideId "2040506"]
[BlackFideId "25092340"]
[EventDate "2019.05.16"]

1. d4 Nf6 2. Nf3 d5 3. Bf4 c5 4. e3 Nc6 5. c3 Qb6 6. Qb3 c4 7. Qc2 Bf5 8. Qc1 e6
9. h3 h6 10. Nbd2 Be7 11. Be2 O-O 12. O-O Rac8 13. Re1 Qd8 14. Bd1 b5 15. Bc2 a5
16. e4 dxe4 17. Nxe4 Nd5 18. Bh2 b4 19. Qd2 Qd7 20. Ba4 Qb7 21. Nd6 Bxd6 22.
Bxd6 Rfd8 23. Bg3 Nf6 24. Bxc6 Qxc6 25. Ne5 Qd5 26. Bh4 Ne4 27. Qe3 f6 28. Nf3
Rb8 29. Re2 a4 30. cxb4 Rxb4 31. Rae1 c3 32. bxc3 Rc4 33. Rc1 Rdc8 34. Rec2 g5
35. Bg3 Nxg3 36. fxg3 Bxc2 37. Rxc2 Kf7 38. Kh2 Kg7 39. Ng1 Rxd4 40. Rb2 Rd3 41.
Qa7+ Kg6 42. Rb7 Qe5 43. Rg7+ Kf5 44. Qf2+ Ke4 45. Nf3 Qc5 46. Qc2 Qxc3 47.
Qxa4+ Ke3 48. Rb7 Qc4 49. Qa7+ Qc5 50. Qa6 Qc4 51. Qb6+ Ke4 52. Re7 Rxf3 53.
Rxe6+ Kf5 54. Rxf6+ Ke5 55. Rxf3 Rc6 56. Qd8 Re6 57. Qh8+ Ke4 58. Qh7+ Kd4 59.
Qd7+ Ke5 60. Qg7+ Kd5 61. a3 Rd6 62. Qf7+ Kc5 63. Qc7+ Kd5 64. Rf5+ Kd4 65.
Qxd6+ 1-0

[Event "chess.com Junior Speed"]
[Site "chess.com INT"]
[Date "2019.06.03"]
[Round "1.6"]
[White "Nihal, Sarin"]
[Black "Sevian, Samuel"]
[Result "1-0"]
[WhiteTitle "GM"]
[BlackTitle "GM"]
[WhiteElo "2598"]
[BlackElo "2666"]
[WhiteFideId "25092340"]
[BlackFideId "2040506"]
[EventDate "2019.05.16"]

1. d4 Nf6 2. Bf4 d5 3. e3 e6 4. Nd2 c5 5. c3 Nc6 6. Ngf3 Bd6 7. Bg3 O-O 8. Bd3
b6 9. Qe2 Bb7 10. Rd1 Re8 11. e4 Be7 12. e5 Nh5 13. a3 g6 14. Nf1 f5 15. exf6
Bxf6 16. Bb5 a6 17. Bxc6 Bxc6 18. Be5 Bb5 19. Qe3 Rf8 20. Ng3 Bxe5 21. Nxe5 Nf4
22. Rg1 Qh4 23. h3 Rac8 24. Kd2 cxd4 25. cxd4 Nh5 26. Nf3 Rxf3 27. gxf3 Nf4 28.
Rc1 Rf8 29. Rc7 Qf6 30. b3 Nxh3 31. Nh5 Qf5 32. Qh6 Qd3+ 33. Kc1 Rf7 34. Rc8+ 1-0

[Event "chess.com Junior Speed"]
[Site "chess.com INT"]
[Date "2019.06.03"]
[Round "1.7"]
[White "Sevian, Samuel"]
[Black "Nihal, Sarin"]
[Result "1-0"]
[WhiteTitle "GM"]
[BlackTitle "GM"]
[WhiteElo "2666"]
[BlackElo "2598"]
[WhiteFideId "2040506"]
[BlackFideId "25092340"]
[EventDate "2019.05.16"]

1. e4 c5 2. Nf3 Nc6 3. Bb5 g6 4. O-O Bg7 5. Re1 Nf6 6. Nc3 O-O 7. e5 Ne8 8. Bxc6
bxc6 9. d4 cxd4 10. Qxd4 Nc7 11. Qh4 f6 12. Bh6 g5 13. Qh5 Qe8 14. Qxe8 Rxe8 15.
Bxg7 Kxg7 16. Ne4 Rb8 17. exf6+ exf6 18. Nd6 Re6 19. Nd4 Rxe1+ 20. Rxe1 Kg6 21.
b3 Ne6 22. N4f5 Ba6 23. c4 h5 24. Ne7+ Kg7 25. Nxc6 dxc6 26. Rxe6 Rd8 27. h4
gxh4 28. Kh2 Kg6 29. Ne4 Kf5 30. Nc5 Bc8 31. Rxc6 Rd2 32. Rxc8 Rxf2 33. a4 1-0

[Event "chess.com Junior Speed"]
[Site "chess.com INT"]
[Date "2019.06.03"]
[Round "1.8"]
[White "Nihal, Sarin"]
[Black "Sevian, Samuel"]
[Result "0-1"]
[WhiteTitle "GM"]
[BlackTitle "GM"]
[WhiteElo "2598"]
[BlackElo "2666"]
[WhiteFideId "25092340"]
[BlackFideId "2040506"]
[EventDate "2019.05.16"]

1. d4 Nf6 2. Bg5 d5 3. e3 e6 4. c4 Be7 5. Nc3 O-O 6. Nf3 h6 7. Bh4 Ne4 8. Bxe7
Qxe7 9. Rc1 Nxc3 10. Rxc3 c6 11. Bd3 Nd7 12. O-O dxc4 13. Bxc4 e5 14. Qc2 Re8
15. Rd1 exd4 16. Nxd4 Ne5 17. Bb3 Bg4 18. f3 Bh5 19. e4 Rad8 20. Qf2 Qb4 21.
Rcc1 a5 22. Nf5 Bg6 23. Rxd8 Rxd8 24. Qc5 Rd1+ 0-1

[Event "chess.com Junior Speed"]
[Site "chess.com INT"]
[Date "2019.06.03"]
[Round "1.9"]
[White "Sevian, Samuel"]
[Black "Nihal, Sarin"]
[Result "1-0"]
[WhiteTitle "GM"]
[BlackTitle "GM"]
[WhiteElo "2666"]
[BlackElo "2598"]
[WhiteFideId "2040506"]
[BlackFideId "25092340"]
[EventDate "2019.05.16"]

1. e4 c5 2. Nf3 Nc6 3. d4 cxd4 4. Nxd4 Nf6 5. Nc3 e5 6. Ndb5 d6 7. Bg5 a6 8. Na3
b5 9. Nd5 Be7 10. Bxf6 Bxf6 11. c4 b4 12. Nc2 a5 13. g3 O-O 14. Bg2 Bg5 15. O-O
Ne7 16. Nde3 Bb7 17. Qd3 Qb6 18. Rad1 Rfd8 19. h4 Bxe3 20. Nxe3 a4 21. Rd2 g6
22. Rfd1 h5 23. g4 hxg4 24. Nxg4 Kg7 25. Qg3 f5 26. Rxd6 f4 27. Qd3 Nc6 28. h5
gxh5 29. Rd7+ Rxd7 30. Qxd7+ Kf8 31. Qd6+ 1-0

[Event "chess.com Junior Speed"]
[Site "chess.com INT"]
[Date "2019.06.03"]
[Round "1.10"]
[White "Nihal, Sarin"]
[Black "Sevian, Samuel"]
[Result "1-0"]
[WhiteTitle "GM"]
[BlackTitle "GM"]
[WhiteElo "2598"]
[BlackElo "2666"]
[WhiteFideId "25092340"]
[BlackFideId "2040506"]
[EventDate "2019.05.16"]

1. d4 Nf6 2. Bf4 d5 3. e3 c5 4. dxc5 Nc6 5. Bb5 g6 6. c4 a6 7. Bxc6+ bxc6 8. Qa4
Bg7 9. Be5 O-O 10. Nf3 Qd7 11. O-O Qb7 12. Nbd2 Bd7 13. b3 Rfd8 14. Qa5 Be8 15.
h3 Bf8 16. Bxf6 exf6 17. Rfd1 f5 18. Rac1 Rab8 19. cxd5 Rxd5 20. e4 fxe4 21.
Nxe4 Qe7 22. Rxd5 cxd5 23. Nd6 Bb5 24. Nd4 Qg5 25. Re1 Bd7 26. Nf3 Qd8 27. Qxa6
Ra8 28. Qd3 Rxa2 29. Qxd5 Be6 30. Rxe6 fxe6 31. Qxe6+ Kg7 32. Qf7+ Kh6 33. Qf4+
Kg7 34. Qf7+ Kh6 35. Ne5 Ra1+ 36. Kh2 Bxd6 37. cxd6 Qxd6 38. f4 Ra7 39. Qxa7 Qd2
40. Ng4+ 1-0